Fr. Conceicao Rodrigues College of Engineering

Manufacturing automation:Metal cutting mechanics (Record no. 33374)

MARC details
000 -LEADER
fixed length control field 00316nam a2200133Ia 4500
082 ## - DEWEY DECIMAL CLASSIFICATION NUMBER
Classification number 671.35
Item number ALT
100 ## - MAIN ENTRY--PERSONAL NAME
Personal name Altintas/Yusuf
245 ## - TITLE STATEMENT
Title Manufacturing automation:Metal cutting mechanics
260 ## - PUBLICATION, DISTRIBUTION, ETC.
Name of publisher, distributor, etc. Cambridge
Place of publication, distribution, etc. New Delhi
Date of publication, distribution, etc. 2000
300 ## - PHYSICAL DESCRIPTION
Extent 286
546 ## - LANGUAGE NOTE
Language note ENGLISH
654 ## - SUBJECT ADDED ENTRY--FACETED TOPICAL TERMS
Focus term Manufacturing
942 ## - ADDED ENTRY ELEMENTS (KOHA)
Koha item type Reference Book
Holdings
Withdrawn status Lost status Damaged status Not for loan Collection Home library Current library Date acquired Total Checkouts Full call number Barcode Date last seen Price effective from Koha item type
        CRC Fr. Agnel's C.Rodrigues College of Engineering Fr. Agnel's C.Rodrigues College of Engineering 17/03/2023   671.35 ALT 14906 17/03/2023 17/03/2023 Reference Book